Research in marketing (Record no. 691492)

MARC details
000 -LEADER
fixed length control field 00806nam a2200265Ia 4500
003 - CONTROL NUMBER IDENTIFIER
control field OSt
005 - DATE AND TIME OF LATEST TRANSACTION
control field 20220927105241.0
008 - FIXED-LENGTH DATA ELEMENTS--GENERAL INFORMATION
fixed length control field 220926b |||||||| |||| 00| 0 eng d
037 ## - SOURCE OF ACQUISITION
Field link and sequence number 2.50, 13/04/2000, Select Book"
Terms of availability Reference Collections
040 ## - CATALOGING SOURCE
Original cataloging agency RTL
Transcribing agency RTL
Language of cataloging eng
041 ## - LANGUAGE CODE
Source of code eng
Language code of text/sound track or separate title eng
100 ## - MAIN ENTRY--PERSONAL NAME
Personal name Sheth J N
9 (RLIN) 371271
245 #0 - TITLE STATEMENT
Title Research in marketing
Remainder of title Theoritical foundations in marketing ethics
260 ## - PUBLICATION, DISTRIBUTION, ETC.
Place of publication, distribution, etc. Stanford
Name of publisher, distributor, etc. Jai Press Inc.
Date of publication, distribution, etc. 1999
300 ## - PHYSICAL DESCRIPTION
Extent 202p
Dimensions cm.
490 ## - SERIES STATEMENT
Volume/sequential designation 5
541 ## - IMMEDIATE SOURCE OF ACQUISITION NOTE
Field link and sequence number 2.50, 13/04/2000, Select Book"
650 ## - SUBJECT ADDED ENTRY--TOPICAL TERM
Topical term or geographic name entry element Marketing
942 ## - ADDED ENTRY ELEMENTS (KOHA)
Classification part "X:51b4n, N9/RR"
Koha item type
Holdings
Withdrawn status Lost status Damaged status Not for loan Collection Home library Current library Date acquired Source of acquisition Cost, normal purchase price Serial Enumeration / chronology Total Checkouts Full call number Barcode Date last seen Cost, replacement price Price effective from Koha item type
          Ratan Tata Library Ratan Tata Library 2022-09-27 "43817/ 4038.79 5   "X:51b4n N9/RR" RT1158181 2022-09-27 4038.79 2022-09-27  
Copyright @ Delhi University Library System